| LEADER |
00794nam a2200205 a 4500 |
| 001 |
1120987 |
| 003 |
Th-MUT |
| 008 |
260527s2024 xx 000 0 eng d |
| 020 |
|
|
|a 9781266929892|
|
| 040 |
|
|
|a DLC
|c MUT
|
| 050 |
|
4 |
|a TJ230
|b B93S45 2024
|
| 100 |
1 |
|
|a Budynas, Richard G.
|
| 245 |
1 |
0 |
|a Shigley's mechanical engineering design /
|c Richard G. Budynas, J. Keith Nisbett
|
| 250 |
|
|
|a 2024 release
|
| 260 |
|
|
|a New York :
|b McGraw-Hill,
|c 2024
|
| 300 |
|
|
|a xxiii, 1120 p. :
|b illus. ;
|c 26 cm.
|
| 504 |
|
|
|a Includes bibliographical references and index.
|
| 650 |
|
0 |
|a Machine design.
|
| 700 |
1 |
|
|a Nisbett, J. Keith
|
| 991 |
|
|
|a MONOGRAPHS
|b 2
|c 2026-05-27 09:25:32
|d 2026-05-27 09:28:48
|e mut
|f n
|g 2026-05-27
|h n
|i a
|j m
|k
|l a
|m
|n a
|o
|p b
|q
|r us
|s eng
|t 2024
|u 2024 release
|v Shigley's mechanical engineering design /
|